000 00521nam a2200181Ia 4500
003 GCL
008 140319s9999 xx 000 0 ara d
040 _aGCL /
_cGCL
082 0 4 _a210.1
_bع ا
100 1 _aعبدالحليم محمود
245 1 0 _aالاسلام والعقل /
_cعبدالحليم محمود
260 _a[S.N] :
_bدار المعارف ،
_c1988
300 _a238 ص
490 _a
650 0 4 _aالفلسفة الاسلامية
650 0 4 _aالدين الاسلامى
942 _2ddc
_cBK
999 _c54152
_d54152